ბათუმის შოთა რუსთაველის სახელმწიფო უნივერსიტეტის ბიბლიოთეკა

Практикум по курсу общей ботаники (ბიბ.ჩანაწერი № 35271)

000 -LEADER
fixed length control field 00698nam a2200229Ia 4500
001 - CONTROL NUMBER
control field 1120
003 - CONTROL NUMBER IDENTIFIER
control field GE_BSU
008 - FIXED-LENGTH DATA ELEMENTS--GENERAL INFORMATION
fixed length control field 181216s||||||||xx |||||||||||||| ||und||
020 ## - INTERNATIONAL STANDARD BOOK NUMBER
International Standard Book Number 5100006226
040 ## - CATALOGING SOURCE
Transcribing agency GE_BSU
100 ## - MAIN ENTRY--PERSONAL NAME
Personal name Хржановский,В.Г. Пономаренко,С.Ф.
245 ## - TITLE STATEMENT
Title Практикум по курсу общей ботаники
245 ## - TITLE STATEMENT
Remainder of title Уч-к для студ. высш. учебн. завед.
260 ## - PUBLICATION, DISTRIBUTION, ETC.
Place of publication, distribution, etc. Москва
260 ## - PUBLICATION, DISTRIBUTION, ETC.
Name of publisher, distributor, etc. Агропромиздат
260 ## - PUBLICATION, DISTRIBUTION, ETC.
Date of publication, distribution, etc. 1989
300 ## - PHYSICAL DESCRIPTION
Extent 416стр.
653 ## - INDEX TERM--UNCONTROLLED
Uncontrolled term Ботаника
653 ## - INDEX TERM--UNCONTROLLED
Uncontrolled term Практикум по курсу общей ботаники
942 ## - ADDED ENTRY ELEMENTS (KOHA)
Koha item type წიგნი
ეგზემპლარები
Withdrawn status Lost status Damaged status Not for loan Date acquired Barcode Date last seen Price effective from Koha item type
        2018-12-17 1987 2018-12-17 2018-12-17 წიგნი